000 01722nim a2200361 i 4500
001 197132
003 ES-MaACL
005 20250828062543.0
007 ss lsnjlcipnne
008 250424s1990 sp nnnn |||| 00| spa d
040 _bspa
_cES-MaACL
100 _aAlegre Peirou, José María
_9240114
245 0 4 _aLas femeninas en la literatura española del Siglo de Oro
_h[Grabación sonora] :
_bconferencia /
_cpor José María Alegre Peirou, catedrático de la Universidad de Copenhague ; ilustraciones musicales de la época a cargo de la clavecinista María Luisa Ozaita.
260 _aMadrid :
_bAteneo de Madrid,
_c1990.
300 _a1 casete (ca. 90 min) :
_bson. ;
_c11 cm
490 1 _3Actos culturales en el Ateneo de Madrid
518 _aGrabado el 15 de enero de 1990 en el Salón de Actos del Ateneo de Madrid.
520 _aConferencia sobre el papel de las mujeres en la literatura española del Siglo de Oro (1492-1659).
540 _aDocumento inédito
594 _5Datos basados en la invitación.
610 2 0 _aAteneo de Madrid-
_xActos culturales-
_y1990-
_vGrabaciones sonoras
_9240083
650 7 _aMujeres y literatura
_2embne
_9143612
653 _aArchivo de la palabra
655 0 _aConferencias
_9234444
700 0 _aOzaita, María Luisa
_eclb
_988065
710 _9240080
_aAteneo de Madrid.
_bAsociación de Mujeres en la Música
_ehis
710 _9240081
_aAteneo de Madrid.
_bAgrupación Ateneísta de Estudios sobre la Mujer "Clara Campoamor"
_ehis
830 0 _aActos culturales en el Ateneo de Madrid
_9240237
852 _aES-MaACL
_cDEPOZ
_9205110
942 _2udc
_n0
_cCINTASAUD
999 _c197132
_d197132